000 00315nam a22001097a 4500
999 _c4207
_d4207
008 250127b ||||| |||| 00| 0 eng d
020 _a9781848579156
082 _a629 CAR
100 _aJAMES CARTER
_eCARTER,JAMES
245 _aTHE BIG BEYOND
_bTHE STORY OF SPACE TRAVEL
942 _2ddc
_h629 CAR